Public dollars, private stadiums : the battle over building sports stadiums /

Bibliographic Details
Main Author: Delaney, Kevin J., 1960-
Corporate Author: NetLibrary, Inc
Other Authors: Eckstein, Rick, 1960-
Format: eBook
Language:English
Published: New Brunswick, N.J. : Rutgers University Press, [2003]
Subjects:
Online Access:Connect to the full text of this electronic book

MARC

Tag First Indicator Second Indicator Subfields
LEADER 00000cam a2200000Ia 4500
001 in00002000625
005 20220105141715.0
006 m d
007 cr cnu---unuuu
008 040402s2003 njua sb 001 0 eng d
020 |a 0813534887 (electronic bk.) 
035 |a (OCoLC)ocm54861385 
040 |a N$T  |c N$T  |d OCLCQ  |d UtOrBLW 
043 |a n-us--- 
049 |a IKMN 
050 1 4 |a GV413  |b .D45 2003eb 
082 0 4 |a 796/.06/8  |2 22 
100 1 |a Delaney, Kevin J.,  |d 1960-  |0 http://id.loc.gov/authorities/names/n91051210 
245 1 0 |a Public dollars, private stadiums :  |b the battle over building sports stadiums /  |c Kevin J. Delaney and Rick Eckstein. 
264 1 |a New Brunswick, N.J. :  |b Rutgers University Press,  |c [2003] 
264 4 |c ©2003 
300 |a x, 230 pages :  |b illustrations ;  |c 23 cm. 
336 |a text  |b txt  |2 rdacontent 
337 |a computer  |b c  |2 rdamedia 
338 |a online resource  |b cr  |2 rdacarrier 
504 |a Includes bibliographical references (pages 217-219) and index. 
533 |a Electronic reproduction.  |b Boulder, Colo. :  |c NetLibrary,  |d 2004.  |n Available via World Wide Web.  |n Access may be limited to NetLibrary affiliated libraries. 
500 |a Electronic resource. 
650 0 |a Stadiums  |z United States  |x Finance  |v Case studies. 
650 0 |a Stadiums  |z United States  |x Planning  |v Case studies. 
650 0 |a Finance, Public  |z United States  |v Case studies. 
655 7 |a Electronic books.  |2 local 
700 1 |a Eckstein, Rick,  |d 1960-  |0 http://id.loc.gov/authorities/names/n96053941 
710 2 |a NetLibrary, Inc.  |0 http://id.loc.gov/authorities/names/no99080690 
776 1 |c Original  |z 0813533422  |z 0813533430  |w (DLC) 2003005673  |w (OCoLC)51886264 
856 4 1 |u https://proxy.library.tamu.edu/login?url=http://www.netLibrary.com/urlapi.asp?action=summary&v=1&bookid=104921  |z Connect to the full text of this electronic book  |t 0 
994 |a 92  |b IKM 
999 |a MARS 
999 f f |s 884b330c-1ce2-3dba-95cb-eeb1d0778ec5  |i 7470e877-c0f2-3618-bd1e-9fac7d7270e2  |t 0 
952 f f |a Texas A&M University  |b College Station  |c Electronic Resources  |d Available Online  |t 0  |e GV413 .D45 2003eb  |h Library of Congress classification 
998 f f |a GV413 .D45 2003eb  |t 0  |l Available Online